000
00231nam a22000977a 4500
008
170125b xxu||||| |||| 00| 0 eng d
041
_a
eng
080
_a
61
245
_a
MEDICINE IN THE BIBLE & THE TALMUD
_c
ROSNER, F
942
_2
udc
_c
BK
999
_c
3685
_d
3685